Student in the age of anxiety: a survey of Oxford and Manchester students (Record no. 431553)

000 -LEADER
fixed length control field 00376cam a22001217a 4500
008 - FIXED-LENGTH DATA ELEMENTS--GENERAL INFORMATION
fixed length control field 180718b1963 xxu||||| |||| 00| 0 eng d
082 ## - DEWEY DECIMAL CLASSIFICATION NUMBER
Classification number P52x42 Z92
100 ## - MAIN ENTRY--PERSONAL NAME
Personal name Zweig, Ferdynand
245 ## - TITLE STATEMENT
Title Student in the age of anxiety: a survey of Oxford and Manchester students
Statement of responsibility, etc. by Ferdynand Zweig
260 ## - PUBLICATION, DISTRIBUTION, ETC.
Place of publication, distribution, etc. London
Name of publisher, distributor, etc. Heinemann
Date of publication, distribution, etc. 1963
300 ## - PHYSICAL DESCRIPTION
Extent 224p.
650 ## - SUBJECT ADDED ENTRY--TOPICAL TERM
Topical term or geographic name entry element Students --England
Holdings
Withdrawn status Lost status Damaged status Not for loan Permanent Location Current Location Date acquired Full call number Barcode Date last seen Price effective from Koha item type
        Indian Institute of Public Administration Indian Institute of Public Administration 2010-01-20 P52x42 Z92 34972 2018-07-21 2018-07-21 Book

Powered by Koha